| 000 | 01298nam a2200301Ia 4500 | ||
|---|---|---|---|
| 005 | 20140903173819.0 | ||
| 008 | 130821s2011 ck gs spa | ||
| 020 | _a9586761800 (2002) | ||
| 020 | _a9789585739536 (2011) | ||
| 020 | _a9789587340082 (2008) | ||
| 020 | _a9789588295671 (2007) | ||
| 040 |
_aCO-BoUCM _bspa _cJose A. Gerena (modificó) _d[Nuevo] |
||
| 041 | 0 | 0 | _aspa |
| 240 | _aLeyes, decretos, etc. | ||
| 245 | 0 | 0 |
_aCódigo disciplinario único _ccompilado, concordado y actualizado por la relatoría de la Procuraduría General de la Nación _bLey 734 de 2002, notas y vigencia 2011 y estatuto anticorrupción |
| 260 |
_aBogotá (Colombia) _bProcuraduría General de la Nación _c2011 |
||
| 300 | _a112 páginas | ||
| 500 | _aEd 2011: Donación de Procuraduría General de la Nación | ||
| 630 |
_aLey 734 de 2002 _96889 |
||
| 650 | 7 |
_aDerecho administrativo _912695 |
|
| 650 | 7 |
_aDerecho administrativo _xLegislación _zColombia _935647 |
|
| 650 | 7 |
_aFunción pública _xLegislación _zColombia _916187 |
|
| 650 | 7 |
_aProceso disciplinario _xLegislación _zColombia _922381 |
|
| 690 |
_942763 _aDerecho administrativo |
||
| 710 | 1 |
_aColombia _bProcuraduría General de La Nación _939633 |
|
| 942 |
_cLIBRO _a8 _e1 _mC669c _2DEWEY _h342.068 |
||
| 999 |
_c60011 _d60011 |
||